Mot Voc anglais L1 - Statistiques

Statistiques générales
  • Ce quiz a été pris 52 fois
  • Le résultat moyen est 6 sur 81
Statistiques - réponses
Hint Réponse % Correct
foi faith
63%
confiant confident
47%
échouer un exam fail/flunk an exam
42%
prières prayers
32%
harcèlement bullying
26%
chimie chemistry
26%
obligatoire compulsory / mandatory
26%
client customer
26%
tenue outfit
26%
réussir un exam pass an exam
26%
réunion générale assembly
16%
marque brand
16%
revenu income
16%
obligatoire mandatory
16%
matière subject
16%
demandeur d'asile asylum seeker
11%
attentes expectations
11%
doué gifted
11%
diplomé / obtenir un diplôme graduate
11%
alphabétisation literacy
11%
cahier des absents (appel) register
11%
trace track
11%
survêtement tracksuit
11%
allocation allowance
5%
impliqué committed
5%
pouvoir se permettre (could) afford
5%
programme curriculum
5%
égal / même even
5%
travailleur hard working
5%
demandeur d'emploi job seeker
5%
not° d'arithmétique numeracy
5%
panier repas packed lunch
5%
doctorat PhD
5%
aller de range from
5%
frais de scolarité school fees
5%
d'occasion second-hand
5%
heure fixe set time
5%
personnel staff
5%
en difficulté struggling
5%
participer à take part in
5%
liens ties
5%
à la mode trendy
5%
redevable accountable
0%
admission à l'université admission at university
0%
bac A level
0%
taux de présence attendance rates
0%
atours (tenue) attire
0%
compromis blighted
0%
internat boarding school
0%
soudé close knit
0%
se précipiter dash
0%
congédié dismissed
0%
extra scolaire extra-curricular
0%
signaler flagging
0%
prospérer flourish
0%
brevet GCSE
0%
les nantis et les démunis have and have-nots
0%
gener hinder
0%
mettre en oeuvre implement
0%
exposé aux regards on display
0%
exclu ostracized
0%
heure de cours period
0%
tourmenter plague
0%
procurer provide
0%
? public school
0%
exiger require
0%
rancoeur resentment
0%
débourser shell out
0%
sécher les cours skip classes
0%
arborer sport
0%
state school?
0%
enlever, dépouiller strip
0%
conséquent substantial
0%
programmer time table (V)
0%
exclue définitivement to be expelled from school
0%
exclue, renvoyé temporairement to be suspended from school
0%
abandonné ses études to drop out of school
0%
s'inscrire l'université to enrol in university
0%
s'inscrire à un cours (pas d'école) to register in a course
0%
bachoter to swot for an exam
0%
frais de scolarité tuition fees
0%
Aucun quiz correspondant
Distribution des résultats
% des personnes avec chaque résultat
Percentile par nombre de réponses
Votre historique - résultats
Vous n’avez pas pris ce quiz